Untitled/ (Record no. 4469)

MARC details
000 -LEADER
campo de control de longitud fija 01495nam a22004577a 4500
003 - IDENTIFICADOR DE NÚMERO DE CONTROL
campo de control OSt
005 - FECHA Y HORA DE LA ÚLTIMA TRANSACCIÓN
campo de control 20231004155242.0
008 - DATOS DE LONGITUD FIJA--INFORMACIÓN GENERAL
campo de control de longitud fija 221006b |||||||| |||| 00| 0 eng d
040 ## - FUENTE DE CATALOGACIÓN
Centro/agencia transcriptor Biblioteca Lado V
082 ## - NÚMERO DE LA CLASIFICACIÓN DECIMAL DEWEY
Número de clasificación 709.05
Número de ítem F593u
100 ## - ENTRADA PRINCIPAL--NOMBRE DE PERSONA
9 (RLIN) 832
Nombre de persona Flecha, Mario
Término indicativo de función/relación editor
245 ## - MENCIÓN DEL TÍTULO
Título Untitled/
260 ## - PUBLICACIÓN, DISTRIBUCIÓN, ETC.
Nombre del editor, distribuidor, etc. Arts Councill England
Fecha de publicación, distribución, etc. 2001
Lugar de publicación, distribución, etc. Londres
300 ## - DESCRIPCIÓN FÍSICA
Dimensiones 28x39cm
Extensión 41p.
366 ## - INFORMACIÓN SOBRE DISPONIBILIDAD COMERCIAL
Nota eng
490 ## - MENCIÓN DE SERIE
Mención de serie 26
Designación de volumen o secuencia AUTUMN
-- WINTER
505 ## - NOTA DE CONTENIDO CON FORMATO
Nota de contenido con formato PRETTY VACUOUS
505 ## - NOTA DE CONTENIDO CON FORMATO
Nota de contenido con formato OUT OF ART
505 ## - NOTA DE CONTENIDO CON FORMATO
Nota de contenido con formato THE RITUAL OF LIVING
505 ## - NOTA DE CONTENIDO CON FORMATO
Nota de contenido con formato VIRILE LOGIC
505 ## - NOTA DE CONTENIDO CON FORMATO
Nota de contenido con formato TECHNO-SUBLIME
505 ## - NOTA DE CONTENIDO CON FORMATO
Nota de contenido con formato DAVID ROBBINS
505 ## - NOTA DE CONTENIDO CON FORMATO
Nota de contenido con formato POLAROID LIVES
505 ## - NOTA DE CONTENIDO CON FORMATO
Nota de contenido con formato BREATHLESS
505 ## - NOTA DE CONTENIDO CON FORMATO
Nota de contenido con formato ALEKSANDRA MIR
505 ## - NOTA DE CONTENIDO CON FORMATO
Nota de contenido con formato NOMADIC REALITY
505 ## - NOTA DE CONTENIDO CON FORMATO
Nota de contenido con formato ULTRAMARINE
505 ## - NOTA DE CONTENIDO CON FORMATO
Nota de contenido con formato INSTRUCTIONS FOR CATCHING A FLY WITH YOUR HAND
505 ## - NOTA DE CONTENIDO CON FORMATO
Nota de contenido con formato OLIVIER PAYNE & NICK RELPH
505 ## - NOTA DE CONTENIDO CON FORMATO
Nota de contenido con formato REVIEWS
650 ## - PUNTO DE ACCESO ADICIONAL DE MATERIA--TÉRMINO DE MATERIA
Fuente del encabezamiento o término Tesauro de Arte & Arquitectura
Término de materia o nombre geográfico como elemento de entrada ARTE
9 (RLIN) 703
650 ## - PUNTO DE ACCESO ADICIONAL DE MATERIA--TÉRMINO DE MATERIA
Fuente del encabezamiento o término Tesauro de Arte & Arquitectura
Término de materia o nombre geográfico como elemento de entrada PINTURA
650 ## - PUNTO DE ACCESO ADICIONAL DE MATERIA--TÉRMINO DE MATERIA
Fuente del encabezamiento o término Tesauro de Arte & Arquitectura
Término de materia o nombre geográfico como elemento de entrada FOTOGRAFIA
9 (RLIN) 702
650 ## - PUNTO DE ACCESO ADICIONAL DE MATERIA--TÉRMINO DE MATERIA
Fuente del encabezamiento o término Tesauro de Arte & Arquitectura
Término de materia o nombre geográfico como elemento de entrada ENTREVISTAS
650 ## - PUNTO DE ACCESO ADICIONAL DE MATERIA--TÉRMINO DE MATERIA
Fuente del encabezamiento o término Tesauro de Arte & Arquitectura
Término de materia o nombre geográfico como elemento de entrada MISCELANEA
650 ## - PUNTO DE ACCESO ADICIONAL DE MATERIA--TÉRMINO DE MATERIA
Fuente del encabezamiento o término Tesauro de Arte & Arquitectura
Término de materia o nombre geográfico como elemento de entrada PROYECTOS DE ARTE
650 ## - PUNTO DE ACCESO ADICIONAL DE MATERIA--TÉRMINO DE MATERIA
Fuente del encabezamiento o término Tesauro de Arte & Arquitectura
Término de materia o nombre geográfico como elemento de entrada INGLES
650 ## - PUNTO DE ACCESO ADICIONAL DE MATERIA--TÉRMINO DE MATERIA
Fuente del encabezamiento o término Tesauro de Arte & Arquitectura
Término de materia o nombre geográfico como elemento de entrada ARTE CONTEMPORANEO
651 ## - PUNTO DE ACCESO ADICIONAL DE MATERIA--NOMBRE GEOGRÁFICO
Fuente del encabezamiento o término Tesauro de Arte & Arquitectura
Nombre geográfico LONDRES
942 ## - ELEMENTOS DE ENTRADA SECUNDARIOS (KOHA)
Fuente del sistema de clasificación o colocación Clasificación Decimal Dewey
Tipo de ítem Koha Libros
Parte de la signatura que corresponde a la clasificación (Parte de la clasificación) 709.05
Parte de la signatura que identifica el ejemplar (Parte del ítem) F593u
Suprimir en OPAC No
Holdings
Estatus retirado Estado de pérdida Fuente del sistema de clasificación o colocación Especificación de materiales (volumen encuadernado u otra parte) Estado de daño No para préstamo Colección Biblioteca de origen Biblioteca actual Fecha de adquisición Enumeración/cronología de publicación seriada Número de inventario Total de préstamos Signatura topográfica completa Código de barras Visto por última vez Precio de reemplazo Tipo de ítem Koha
    Clasificación Decimal Dewey 2001     Colección Especial Biblioteca LadoV Biblioteca LadoV 04/10/2023 26 002707   709.05 F593u 002707 04/10/2023 04/10/2023 Libros